Predprijatie i statistika /

Guardado en:
Detalles Bibliográficos
Autor principal: Dumas, R. (Autor)
Otros Autores: Kaplan, F.R (Traductor)
Formato: Libro
Lenguaje:ruso
Publicado: Moskva : G.S.I, 1958
Etiquetas: Agregar Etiqueta
Sin Etiquetas, Sea el primero en etiquetar este registro!

MARC

LEADER 00000nam a22000003a 4500
001 stu35696
005 20150617225658.7
008 920430s1958----xxr-----------------rus-d
040 |a STU  |b slo 
041 0 |a rus 
044 |a xxr 
100 1 |a Dumas, R.  |4 aut 
245 1 |a Predprijatie i statistika /  |c [aut.]R. Dumas; Z franc. F.R. Kaplan 
260 |a Moskva :  |b G.S.I,  |c 1958 
300 |a 514 s 
700 1 |a Kaplan, F.R  |4 trl 
996 |b 284M002621  |c M*4716-1  |l MMKN  |s A  |a 24  |w stu35696_0001